| 000 | 00533nam a22001697a 4500 | ||
|---|---|---|---|
| 003 | 0 | ||
| 005 | 20231107100242.0 | ||
| 008 | 230929b xxu||||| |||| 00| 0 eng d | ||
| 050 |
_aRC 552 _b.R36 2022 |
||
| 100 | _aRamos, Jamie M. | ||
| 245 |
_aSocial support and academic success of working students in tertiary level _cRamos, Jamie M. |
||
| 260 |
_aLas Pinas City _bSouthville International School and Colleges _cC2022 |
||
| 300 |
_ax, 206pp. _c28cm. |
||
| 500 | _aSocial support. | ||
| 501 | _aAcademic success. | ||
| 942 |
_2lcc _cTH |
||
| 999 |
_c365438 _d365438 |
||